000
00305nam a22001337a 4500
008
181218b xxu||||| |||| 00| 0 eng d
020
_a
0201192403
041
_a
eng
080
_a
510
100
_a
40
101
_a
MAT
245
_a
Algorithmics The Spirit Of Computing
_c
Harel.D
942
_2
udc
_c
BK
999
_c
53361
_d
53361